<?xml version="1.0" encoding="UTF-8"?><?xml-stylesheet type="text/xsl" href="static/style.xsl"?><OAI-PMH xmlns="http://www.openarchives.org/OAI/2.0/" xmlns:xsi="http://www.w3.org/2001/XMLSchema-instance" xsi:schemaLocation="http://www.openarchives.org/OAI/2.0/ http://www.openarchives.org/OAI/2.0/OAI-PMH.xsd"><responseDate>2026-04-17T13:03:31Z</responseDate><request verb="GetRecord" identifier="oai:www.recercat.cat:2072/261970" metadataPrefix="marc">https://recercat.cat/oai/request</request><GetRecord><record><header><identifier>oai:recercat.cat:2072/261970</identifier><datestamp>2025-03-18T15:32:49Z</datestamp><setSpec>com_2072_220028</setSpec><setSpec>com_2072_4427</setSpec><setSpec>col_2072_220407</setSpec></header><metadata><record xmlns="http://www.loc.gov/MARC21/slim" xmlns:dcterms="http://purl.org/dc/terms/" xmlns:xsi="http://www.w3.org/2001/XMLSchema-instance" xmlns:doc="http://www.lyncode.com/xoai" xsi:schemaLocation="http://www.loc.gov/MARC21/slim http://www.loc.gov/standards/marcxml/schema/MARC21slim.xsd">
   <leader>00925njm 22002777a 4500</leader>
   <datafield ind2=" " ind1=" " tag="042">
      <subfield code="a">dc</subfield>
   </datafield>
   <datafield ind2=" " ind1=" " tag="720">
      <subfield code="a">Belarte Franco, Maria Carme</subfield>
      <subfield code="e">author</subfield>
   </datafield>
   <datafield ind2=" " ind1=" " tag="720">
      <subfield code="a">Valenzuela Lamas, Sílvia</subfield>
      <subfield code="e">author</subfield>
   </datafield>
   <datafield ind2=" " ind1=" " tag="260">
      <subfield code="c">2013</subfield>
   </datafield>
   <datafield ind2=" " ind1=" " tag="520">
      <subfield code="a">Many socio-economic changes occurred in southern Europe during the first millennium BC. In north-eastern Iberia societies evolved from the small-scale local groups of the Late Bronze Age to the more complex societies of the Iron Age. Together with a diversity of material changes (detected in pottery, agricultural techniques, architecture, etc.), a new ritual manifestation is attested in the Ancient Iberian Period (about 550 BC), lasting until some time after the Roman conquest. This consisted of sheep and goats (among other species) being carefully deposited below the floors of some domestic buildings. In this article the characteristics of these associated bone groups are described and their significance is discussed.</subfield>
   </datafield>
   <datafield ind1="8" ind2=" " tag="024">
      <subfield code="a">Belarte, M. C.; Valenzuela-Lamas, S. (2013) «Zooarchaeological evidence for domestic rituals in the Iron Age communities of north-eastern Iberia (present-day Catalonia) (sixth-second century BC)», Oxford Journal of Archaeology, 32, 2, p. 163-186</subfield>
   </datafield>
   <datafield ind1="8" ind2=" " tag="024">
      <subfield code="a">http://hdl.handle.net/2072/261970</subfield>
   </datafield>
   <datafield ind1="8" ind2=" " tag="024">
      <subfield code="a">https://doi.org/10.1111/ojoa.12008</subfield>
   </datafield>
   <datafield ind2="0" ind1="0" tag="245">
      <subfield code="a">Zooarchaeological evidence for domestic rituals in the Iron Age communities of north-eastern Iberia (present-day Catalonia) (6th-2nd century BC)</subfield>
   </datafield>
</record></metadata></record></GetRecord></OAI-PMH>